|
|
|
|
| LEADER |
01231cam a2200325Ia 4500 |
| 001 |
9780203470046 |
| 003 |
FlBoTFG |
| 005 |
20091230162920.0 |
| 006 |
a|||||s||||||||||| |
| 007 |
cr|||| |
| 008 |
010119r20001989enkabf sb 001 0 eng d |
| 020 |
|
|
|a 9780203470046 (e-book : PDF)
|
| 040 |
|
|
|a FlBoTFG
|c FlBoTFG
|d GrThAP
|
| 043 |
|
|
|a e-uk---
|
| 090 |
|
|
|a DA145
|b .C52 2000
|
| 092 |
|
|
|a 936.204
|b E76
|
| 100 |
1 |
|
|a Esmonde Cleary, A. S.
|q (A. Simon)
|
| 245 |
1 |
4 |
|a The ending of Roman Britain
|h [electronic resource] /
|c A.S. Esmonde Cleary.
|
| 260 |
|
|
|a London ;
|a New York :
|b Routledge,
|c 2000.
|
| 300 |
|
|
|a xi, 242 p., [8] p. of plates :
|b ill., maps.
|
| 500 |
|
|
|a Originally published: London : B.T. Batsford, 1989.
|
| 504 |
|
|
|a Includes bibliographical references (p. [219]-235) and index.
|
| 530 |
|
|
|a Also available in print edition.
|b CRC Press (http://www.crcpress.com)
|
| 538 |
|
|
|a Mode of access: World Wide Web.
|
| 650 |
|
0 |
|a Romans
|z Great Britain.
|
| 651 |
|
0 |
|a Great Britain
|x History
|y Roman period, 55 B.C.-449 A.D.
|
| 651 |
|
0 |
|a Great Britain
|x Antiquities, Roman.
|
| 655 |
|
7 |
|a Electronic books.
|2 lcsh
|
| 776 |
1 |
|
|z 9780415238984
|
| 856 |
4 |
0 |
|u http://www.tandfebooks.com/isbn/9780203470046
|z Full Text via HEAL-Link
|